| 000 | 00892nam a2200325Ia 4500 | ||
|---|---|---|---|
| 001 | 18832 | ||
| 003 | IT-RoPAU | ||
| 008 | 130308s9999 xx 000 0 und d | ||
| 040 | _aIT-RoPAU | ||
| 040 | _cIT-RoPAU | ||
| 041 | _aFRANCESE | ||
| 100 | _aMartinet André | ||
| 100 | _gCodice Aut. SPICS: 4100 | ||
| 245 | _aLangage (Le) | ||
| 245 | _bLangage (Le) | ||
| 250 | _a2a ed. | ||
| 260 | _aPARIS | ||
| 260 | _bGallimard | ||
| 260 | _c1973 [1° Ed.:1968 - Ed.Ling.Originale:1968] | ||
| 300 | _a"1542 p. (prefazione: 16; testo: 1526)" | ||
| 500 | _aLinguaggio Comunicazione Lingua Linguaggio e gruppi Umani Evoluzione delle Lingue Alcuni Tipi di Lingue Famiglia delle Lingue | ||
| 650 | _aLINGUISTICA | ||
| 650 | _eCodice materia Spics: 3201 | ||
| 700 | _aAA.VV. | ||
| 700 | _gCodice Aut. SPICS: 12000 | ||
| 942 | _cBK | ||
| 957 | _71 | ||
| 999 |
_c65561 _d65561 |
||
| 999 | _bSI | ||
| 999 | _g1 | ||